000
00216nam a22000857a 4500
008
170626b xxu||||| |||| 00| 0 eng d
100
_9
3717
_a
Sharma. L
245
_a
Attribution in Physical education
260
_a
Delhi
_c
1998
999
_c
7139
_d
7139